|
|
|
|
| LEADER |
00000nam a2200000 a 4500 |
| 001 |
vtls001082477 |
| 003 |
SK-MaSNL |
| 005 |
20260301062310.0 |
| 008 |
250414s1989 xo slo |
| 015 |
|
|
|a SNBA1989/10
|
| 035 |
|
|
|a SNK000025315
|
| 035 |
|
|
|a urn:nbn:sk:snk-amln2b
|
| 035 |
|
|
|a urn:nbn:sk:snk-am00byj7
|
| 035 |
|
|
|a A40BD775-97B1-4666-9B95-658C258573F4
|
| 040 |
|
|
|a SNK
|b slo
|c SNK
|e AACR2
|
| 041 |
0 |
|
|a slo
|
| 044 |
|
|
|a xo
|c SK
|
| 080 |
|
|
|a 519.83(075.3)
|2 1981
|
| 100 |
1 |
|
|a Vlach, Milan,
|d 1936-
|4 aut
|9 174850
|
| 245 |
1 |
0 |
|a Seminár a cvičenia z matematiky
|b Teória hier
|c Milan Vlach ; Soňa Richtáriková
|
| 250 |
|
|
|a 2. vyd.
|
| 260 |
|
|
|a Bratislava
|b Slovenské pedagogické nakladateľstvo
|c 1989
|e Bratislava
|f Západoslovenské tlačiarne
|
| 300 |
|
|
|a 80 s., 6,60 AH
|b Sch.
|c 29 cm
|
| 366 |
|
|
|e 6000 výtl.
|
| 500 |
|
|
|a Schválilo MŠ SSR.
|
| 700 |
1 |
|
|a Richtáriková, Soňa
|4 trl
|9 279686
|
| 852 |
|
|
|a Slovenská národná knižnica
|
| 954 |
|
|
|a teória hier
|
| 958 |
|
|
|a OND
|
| 958 |
|
|
|a CZ
|
| 958 |
|
|
|a UC
|
| 958 |
|
|
|a TL
|
| 958 |
|
|
|a OP
|
| 958 |
|
|
|a EUIPO
|
| 999 |
|
|
|c 620139
|d 622069
|
| 952 |
|
|
|a SNK
|b SNK
|y PREZ
|7 0
|p 17A0851917
|o snkSB 45445
|0 0
|1 0
|4 0
|d 2012-07-06
|f 1
|l 0
|r 2026-02-23 16:52:50
|w 2026-02-23
|
| 952 |
|
|
|t P60, <04>, [BOOK], {604}
|a SNK
|b SNK
|y VYP
|7 0
|p 17A0154304
|o snkSB 45445 D1
|0 0
|1 0
|4 0
|d 1998-08-06
|l 0
|r 2004-12-31 00:00:00
|w 2026-02-23
|